[Event "IECG RE.2002.0.00004"]
[Site "IECG email"]
[Date "2002.12.05"]
[Round "?"]
[White "Kotyk, Pavel"]
[Black "Jones, Brendon"]
[Result "1-0"]
[WhiteElo "1349"]
[BlackElo "1314"]
[PlyCount "37"]
[EventDate "2002.12.05"]
[EventType "tourn (corr)"]
[EventRounds "6"]
[SourceTitle "Corr 2024"]
[Source "ChessBase"]
[SourceDate "2023.10.19"]
[SourceVersion "1"]
[SourceVersionDate "2023.10.19"]
[SourceQuality "1"]

1. e4 e5 2. Nf3 Nc6 3. Bb5 a6 4. Ba4 Nf6 5. 0-0 Nxe4 6. d4 Nd6 7. dxe5 Nf5 8. Qd3 d5 9. c4 dxc4 10. Bxc6+ bxc6 11. Qxc4 Qd5 12. Qc2 Be6 13. Nc3 Qc5 14. Re1 g6 15. Bg5 Bg7 16. Qd2 0-0 17. g4 Rfe8 18. gxf5 Bxf5 19. Bf6 1-0

[Event "IECG RE.2002.0.00004"]
[Site "IECG email"]
[Date "2002.12.05"]
[Round "?"]
[White "Zrinski, Scott"]
[Black "Kotyk, Pavel"]
[Result "0-1"]
[WhiteElo "1254"]
[BlackElo "1349"]
[PlyCount "46"]
[EventDate "2002.12.05"]
[EventType "tourn (corr)"]
[EventRounds "6"]
[SourceTitle "Corr 2024"]
[Source "ChessBase"]
[SourceDate "2023.10.19"]
[SourceVersion "1"]
[SourceVersionDate "2023.10.19"]
[SourceQuality "1"]

1. e4 c5 2. Nf3 d6 3. d4 Nf6 4. Nc3 cxd4 5. Nxd4 Bd7 6. Bc4 e6 7. 0-0 Be7 8. Be3 0-0 9. f4 Nc6 10. Qf3 e5 11. Nxc6 bxc6 12. fxe5 dxe5 13. Rad1 Qb8 14. Rxd7 Nxd7 15. Bxf7+ Kh8 16. Qh3 Qxb2 17. Nd1 Qb7 18. g4 Rad8 19. g5 Bc5 20. g6 h6 21. Kg2 Bxe3 22. Nxe3 Qb4 23. Ng4 Nc5 0-1

[Event "IECG RN.2002.0.00016"]
[Site "IECG email"]
[Date "2002.10.02"]
[Round "1"]
[White "Abela, Jerome"]
[Black "Kotyk, Pavel"]
[Result "0-1"]
[WhiteElo "800"]
[BlackElo "800"]
[PlyCount "32"]
[EventDate "2002.10.02"]
[EventType "tourn (corr)"]
[EventRounds "6"]
[SourceTitle "Corr 2024"]
[Source "ChessBase"]
[SourceDate "2023.10.19"]
[SourceVersion "1"]
[SourceVersionDate "2023.10.19"]
[SourceQuality "1"]

1. e4 Nc6 2. d4 d5 3. Nf3 dxe4 4. Ne5 Qxd4 5. Qxd4 Nxd4 6. Kd1 f6 7. Nc4 Bg4+ 8. f3 exf3 9. Ke1 Nxc2+ 10. Kf2 Nxa1 11. gxf3 Bf5 12. Ne3 Bxb1 13. Bh3 Bxa2 14. Rd1 Rd8 15. Rxd8+ Kxd8 16. Bf1 Nb3 0-1

[Event "IECG RN.2002.0.00016"]
[Site "IECG email"]
[Date "2002.10.02"]
[Round "1"]
[White "Kotyk, Pavel"]
[Black "Tassinati, Mirco"]
[Result "1-0"]
[WhiteElo "800"]
[BlackElo "800"]
[PlyCount "25"]
[EventDate "2002.10.02"]
[EventType "tourn (corr)"]
[EventRounds "6"]
[SourceTitle "Corr 2024"]
[Source "ChessBase"]
[SourceDate "2023.10.19"]
[SourceVersion "1"]
[SourceVersionDate "2023.10.19"]
[SourceQuality "1"]

1. e4 e5 2. Nf3 Nc6 3. d4 exd4 4. Nxd4 Nxd4 5. Qxd4 c5 6. Qe5+ Qe7 7. Nc3 Nf6 8. Bf4 Nh5 9. Be3 d6 10. Be2 g6 11. Nd5 Nf6 12. Nxe7 Bxe7 13. Bxc5 1-0

[Event "IECG RN.2002.0.00015"]
[Site "IECG email"]
[Date "2002.08.16"]
[Round "?"]
[White "Kotyk, Pavel"]
[Black "Jensen, Annette"]
[Result "1-0"]
[WhiteElo "800"]
[BlackElo "800"]
[PlyCount "51"]
[EventDate "2002.08.16"]
[EventType "tourn (corr)"]
[EventRounds "6"]
[SourceTitle "Corr 2008"]
[Source "ChessBase"]
[SourceDate "2008.06.24"]
[SourceVersion "1"]
[SourceVersionDate "2008.06.24"]
[SourceQuality "1"]

1. c4 f5 2. b3 e5 3. Bb2 d6 4. d4 Nc6 5. Nf3 e4 6. d5 Nce7 7. Nd4 Nf6 8. e3 c6 9. dxc6 Nxc6 10. Be2 Be7 11. Nc3 0-0 12. 0-0 a6 13. Qd2 Qc7 14. f3 exf3 15. Bxf3 Ne5 16. Bd5+ Nxd5 17. Nxd5 Qd8 18. Qc2 g6 19. e4 fxe4 20. Qxe4 Rb8 21. c5 Bd7 22. Rae1 Rxf1+ 23. Rxf1 Bg4 24. cxd6 Qxd6 25. Nb5 Qe6 26. Nbc7 1-0

[Event "IECG RN.2002.0.00015"]
[Site "IECG email"]
[Date "2002.08.16"]
[Round "?"]
[White "Kotyk, Pavel"]
[Black "Nielsen, Christian Waagner"]
[Result "1-0"]
[WhiteElo "800"]
[BlackElo "800"]
[PlyCount "71"]
[EventDate "2002.08.16"]
[EventType "tourn (corr)"]
[EventRounds "6"]
[SourceTitle "Corr 2008"]
[Source "ChessBase"]
[SourceDate "2008.06.24"]
[SourceVersion "1"]
[SourceVersionDate "2008.06.24"]
[SourceQuality "1"]

1. c4 Nf6 2. Nf3 d6 3. d4 g6 4. Nc3 Bg7 5. e4 0-0 6. Be2 Bg4 7. Be3 e5 8. d5 b6 9. 0-0 a5 10. Ne1 Bxe2 11. Qxe2 Na6 12. Bg5 Nc5 13. Nd3 h6 14. Nxc5 hxg5 15. Nd3 Nh5 16. Rfe1 f5 17. exf5 Rxf5 18. Rad1 Qe7 19. Ne4 Nf4 20. Qg4 Raf8 21. b3 Nh5 22. a3 Nf6 23. Nxf6+ Qxf6 24. b4 Ra8 25. b5 Rf8 26. a4 Rf7 27. f3 Bf8 28. Qh3 Rh7 29. Qg3 Qg7 30. Re4 Qh6 31. Rg4 Kf7 32. Nf2 Ke8 33. Ne4 Be7 34. c5 bxc5 35. h3 Qf8 36. Qe1 1-0

[Event "IECG TE.2002.P.01009 email"]
[Site "IECG email"]
[Date "2002.03.28"]
[Round "?"]
[White "Kotyk, Pavel"]
[Black "Ronda, Achille"]
[Result "0-1"]
[WhiteElo "800"]
[BlackElo "895"]
[PlyCount "64"]
[EventDate "2002.03.28"]
[EventType "tourn (corr)"]
[EventRounds "12"]
[SourceTitle "Corr 2008"]
[Source "ChessBase"]
[SourceDate "2008.06.24"]
[SourceVersion "1"]
[SourceVersionDate "2008.06.24"]
[SourceQuality "1"]

1. e4 e5 2. Nf3 Nc6 3. Bb5 Bc5 4. c3 Nge7 5. 0-0 Bb6 6. d4 exd4 7. cxd4 d5 8. exd5 Nxd5 9. Ne5 Qd6 10. Qa4 0-0 11. Nxc6 bxc6 12. Bxc6 Rb8 13. Nc3 Nb4 14. d5 Ba6 15. Bb5 Bb7 16. Rd1 Nxd5 17. Qh4 Qe5 18. Na4 c6 19. Bd3 h6 20. Rb1 Bd8 21. Qc4 Bc7 22. g3 Rfe8 23. b4 Bc8 24. a3 Qh5 25. Bb2 Nf4 26. Bf1 Bf5 27. Rbc1 Ne2+ 28. Bxe2 Rxe2 29. Qd4 Be5 30. Qxa7 Bxg3 31. hxg3 Be4 32. Kf1 Bf3 0-1

[Event "IECG RN.2002.0.00013"]
[Site "IECG email"]
[Date "2002.02.28"]
[Round "?"]
[White "Beaver, Michael Andrew"]
[Black "Kotyk, Pavel"]
[Result "0-1"]
[WhiteElo "903"]
[BlackElo "800"]
[PlyCount "24"]
[EventDate "2002.02.28"]
[EventType "tourn (corr)"]
[EventRounds "6"]
[SourceTitle "Corr 2008"]
[Source "ChessBase"]
[SourceDate "2008.06.24"]
[SourceVersion "1"]
[SourceVersionDate "2008.06.24"]
[SourceQuality "1"]

1. e4 c5 2. Nc3 Nc6 3. Bb5 Nf6 4. Bxc6 dxc6 5. d3 c4 6. e5 Nd5 7. Nge2 Nb4 8. Nd4 Qxd4 9. f4 cxd3 10. cxd3 Nxd3+ 11. Ke2 Bg4+ 12. Kd2 Nxb2+ 0-1

[Event "IECG CN.2001.0.00265"]
[Site "IECG email"]
[Date "2001.10.12"]
[Round "?"]
[White "Aparicio, Fermin"]
[Black "Kotyk, Pavel"]
[Result "0-1"]
[WhiteElo "800"]
[BlackElo "800"]
[PlyCount "82"]
[EventDate "2001.10.12"]
[EventType "tourn (corr)"]
[EventRounds "6"]
[SourceTitle "Corr 2008"]
[Source "ChessBase"]
[SourceDate "2008.06.24"]
[SourceVersion "1"]
[SourceVersionDate "2008.06.24"]
[SourceQuality "1"]

1. e4 e5 2. Nf3 Nf6 3. Nxe5 d6 4. Nf3 Nxe4 5. Qe2 Qe7 6. d3 Nf6 7. Bg5 Qxe2+ 8. Bxe2 Be7 9. Nc3 Nc6 10. 0-0-0 0-0 11. d4 Ng4 12. Bxe7 Nxe7 13. Rde1 Nxf2 14. Rhf1 Ng4 15. Bd3 Be6 16. d5 Nxd5 17. Nxd5 Bxd5 18. Re7 Rae8 19. Rxc7 Ne3 20. Rf2 Nxg2 21. Nd4 Ne3 22. Rf4 Rc8 23. Rh4 g6 24. Rxc8 Rxc8 25. Kd2 Ng2 26. Rg4 Re8 27. Nf5 Ne1 28. c4 Bc6 29. Rg3 Nxd3 30. Nxd6 Nf2 31. Nxe8 Ne4+ 32. Ke3 Nxg3 33. Nf6+ Kg7 34. Ng4 Nf1+ 35. Kf2 h5 36. Kxf1 hxg4 37. Kf2 f5 38. Kg3 g5 39. b3 Kf6 40. h3 f4+ 41. Kxg4 Bd7+ 0-1

[Event "IECG CN.2001.0.00265"]
[Site "IECG email"]
[Date "2001.10.12"]
[Round "?"]
[White "Gonzalez Fernandez, Mariano"]
[Black "Kotyk, Pavel"]
[Result "0-1"]
[WhiteElo "800"]
[BlackElo "800"]
[PlyCount "42"]
[EventDate "2001.10.12"]
[EventType "tourn (corr)"]
[EventRounds "6"]
[SourceTitle "Corr 2008"]
[Source "ChessBase"]
[SourceDate "2008.06.24"]
[SourceVersion "1"]
[SourceVersionDate "2008.06.24"]
[SourceQuality "1"]

1. e4 e5 2. Nf3 Nc6 3. Bb5 a6 4. Bxc6 dxc6 5. Nxe5 Qd4 6. Ng4 Qxe4+ 7. Ne3 Be6 8. d3 Qg6 9. c4 0-0-0 10. g3 Rxd3 11. Qe2 Nf6 12. 0-0 Bc5 13. Nd2 Bxe3 14. fxe3 Bg4 15. Nf3 Rhd8 16. Kg2 Ne4 17. Rf2 Qh5 18. b4 Qh3+ 19. Kg1 Rd1+ 20. Rf1 Nxg3 21. Rxd1 Nxe2+ 0-1

[Event "IECG CN.2001.0.00265"]
[Site "IECG email"]
[Date "2001.10.12"]
[Round "?"]
[White "Kotyk, Pavel"]
[Black "Butcher, Robert Evan Sr"]
[Result "1-0"]
[WhiteElo "800"]
[BlackElo "800"]
[PlyCount "71"]
[EventDate "2001.10.12"]
[EventType "tourn (corr)"]
[EventRounds "6"]
[SourceTitle "Corr 2008"]
[Source "ChessBase"]
[SourceDate "2008.06.24"]
[SourceVersion "1"]
[SourceVersionDate "2008.06.24"]
[SourceQuality "1"]

1. d4 Nf6 2. c4 Nc6 3. Nf3 d5 4. cxd5 Nxd5 5. e4 Nb6 6. d5 Nb4 7. a3 Na6 8. Nc3 e6 9. Bb5+ Bd7 10. dxe6 fxe6 11. Bxa6 bxa6 12. Qe2 Be7 13. Be3 0-0 14. Qxa6 Qb8 15. Rd1 Bc6 16. b4 Bb7 17. Qb5 a6 18. Qe5 Nc4 19. Qxe6+ Rf7 20. Qxc4 Qe8 21. Ne5 Bf6 22. Nxf7 Qxf7 23. Qxf7+ Kxf7 24. Nd5 c6 25. Nxf6 Kxf6 26. Rd7 Bc8 27. Bd4+ Ke6 28. Rxg7 Bd7 29. f4 Re8 30. Kf2 Rf8 31. f5+ Kd6 32. Bc5+ Kc7 33. Bxf8 h5 34. Rd1 h4 35. Rdxd7+ Kb6 36. Rb7# 1-0

[Event "IECG TE.2001.P.00809 email"]
[Site "IECG email"]
[Date "2001.10.05"]
[Round "?"]
[White "Brenner, Renald"]
[Black "Kotyk, Pavel"]
[Result "0-1"]
[WhiteElo "956"]
[BlackElo "800"]
[PlyCount "34"]
[EventDate "2001.10.05"]
[EventType "tourn (corr)"]
[EventRounds "12"]
[SourceTitle "Corr 2008"]
[Source "ChessBase"]
[SourceDate "2008.06.24"]
[SourceVersion "1"]
[SourceVersionDate "2008.06.24"]
[SourceQuality "1"]

1. e4 d6 2. d4 Nf6 3. Nc3 g6 4. Nf3 Bg7 5. Be3 0-0 6. Qd2 a6 7. 0-0-0 b5 8. Bd3 Bb7 9. Bh6 b4 10. Nd5 Nxd5 11. exd5 b3 12. cxb3 Bxd5 13. Qf4 Bxf3 14. gxf3 d5 15. Bxg7 Kxg7 16. Rde1 Nc6 17. h4 Qd6 0-1

[Event "IECG TE.2001.P.00809 email"]
[Site "IECG email"]
[Date "2001.10.05"]
[Round "?"]
[White "Kotyk, Pavel"]
[Black "Ciubotaru, Dan"]
[Result "1-0"]
[WhiteElo "800"]
[BlackElo "800"]
[PlyCount "41"]
[EventDate "2001.10.05"]
[EventType "tourn (corr)"]
[EventRounds "12"]
[SourceTitle "Corr 2008"]
[Source "ChessBase"]
[SourceDate "2008.06.24"]
[SourceVersion "1"]
[SourceVersionDate "2008.06.24"]
[SourceQuality "1"]

1. e4 d6 2. d4 Nf6 3. Nc3 g6 4. Nf3 Bg7 5. Be3 0-0 6. Qd2 Ng4 7. Bf4 c6 8. h3 Nf6 9. Bh6 Nbd7 10. Bxg7 Kxg7 11. e5 dxe5 12. dxe5 Nh5 13. g4 Nhf6 14. exf6+ exf6 15. 0-0-0 Qb6 16. h4 Ne5 17. Nxe5 fxe5 18. h5 Bxg4 19. hxg6 fxg6 20. Qh6+ Kg8 21. Qxh7# 1-0

[Event "IECG TE.2001.P.00816 email"]
[Site "IECG email"]
[Date "2001.10.05"]
[Round "?"]
[White "Moro Lorente, Ricardo Javier"]
[Black "Kotyk, Pavel"]
[Result "1/2-1/2"]
[WhiteElo "1702"]
[BlackElo "800"]
[PlyCount "70"]
[EventDate "2001.10.05"]
[EventType "tourn (corr)"]
[EventRounds "12"]
[SourceTitle "Corr 2008"]
[Source "ChessBase"]
[SourceDate "2008.06.24"]
[SourceVersion "1"]
[SourceVersionDate "2008.06.24"]
[SourceQuality "1"]

1. e4 d6 2. d4 Nf6 3. Nc3 g6 4. Nf3 Bg7 5. Be3 0-0 6. Qd2 a6 7. Bh6 Bg4 8. Bxg7 Kxg7 9. Be2 Bxf3 10. Bxf3 e5 11. d5 c5 12. dxc6 Nxc6 13. 0-0-0 Nd4 14. Ne2 Nxe2+ 15. Qxe2 Rc8 16. h4 Qc7 17. g4 Qc4 18. g5 Ne8 19. Qxc4 Rxc4 20. h5 f6 21. hxg6 hxg6 22. gxf6+ Rxf6 23. Rh3 Rf4 24. Rg3 Kf7 25. c3 b5 26. a3 Nf6 27. Rxd6 Nxe4 28. Bxe4 Rcxe4 29. f3 Re2 30. Rh3 e4 31. Rh7+ Kg8 32. Ra7 exf3 33. Rxg6+ Kf8 34. Rh6 Re1+ 35. Kd2 Re2+ 1/2-1/2

[Event "IECG TE.2001.P.00816 email"]
[Site "IECG email"]
[Date "2001.10.05"]
[Round "?"]
[White "Vasquez, Fernando Jose Pinto"]
[Black "Kotyk, Pavel"]
[Result "0-1"]
[WhiteElo "1000"]
[BlackElo "800"]
[PlyCount "83"]
[EventDate "2001.10.05"]
[EventType "tourn (corr)"]
[EventRounds "12"]
[SourceTitle "Corr 2008"]
[Source "ChessBase"]
[SourceDate "2008.06.24"]
[SourceVersion "1"]
[SourceVersionDate "2008.06.24"]
[SourceQuality "1"]

1. e4 d6 2. d4 Nf6 3. Nc3 g6 4. Nf3 Bg7 5. Be3 0-0 6. Qd2 Ng4 7. Bg5 h6 8. Bh4 Nf6 9. Be2 Be6 10. 0-0 g5 11. Bg3 Nh5 12. Qe3 Nxg3 13. fxg3 c5 14. dxc5 dxc5 15. Rad1 Qa5 16. e5 Nc6 17. Bb5 Rfc8 18. Qe4 Qb4 19. Qxb4 cxb4 20. Nd5 Bxd5 21. Rxd5 g4 22. Nd4 Nxe5 23. Nf5 e6 24. Ne7+ Kf8 25. Nxc8 exd5 26. Nd6 a6 27. Be2 b5 28. Rd1 h5 29. Rxd5 Rd8 30. Kf1 Nc6 31. Rd3 Bxb2 32. Nf5 Rxd3 33. Bxd3 Ke8 34. h3 Bc3 35. Be2 Kd7 36. hxg4 Ke6 37. Ne3 Bd2 38. Kf2 hxg4 39. Bxg4+ Ke5 40. Ke2 Bxe3 41. Kxe3 Ne7 42. Kd3 0-1